[Event "Irena Warakomska Memorial A"]
[Site "chessmanager.com"]
[Date "2018.08.05"]
[Round "6"]
[White "Tomczak, Jacek"]
[Black "Aleksandrov, Aleksej"]
[Result "1/2-1/2"]
[Board "1"]
[WhiteElo "2600"]
[WhiteTitle "GM"]
[WhiteCountry "POL"]
[WhiteFideId "1124668"]
[BlackElo "2580"]
[BlackTitle "GM"]
[BlackCountry "BLR"]
[BlackFideId "13500139"]

1. e4 {[%clk 1:30:57]} e5 {[%clk 1:30:56]} 2. Nf3 {[%clk 1:31:19]} Nc6 {[%clk
1:31:21]} 3. Bc4 {[%clk 1:31:37]} Bc5 {[%clk 1:31:45]} 4. c3 {[%clk 1:31:58]} Nf6
{[%clk 1:32:10]} 5. d4 {[%clk 1:32:21]} exd4 {[%clk 1:32:33]} 6. e5 {[%clk
1:32:45]} d5 {[%clk 1:32:56]} 7. Be2 {[%clk 1:33:07]} Ne4 {[%clk 1:33:05]} 8.
cxd4 {[%clk 1:33:30]} Bb6 {[%clk 1:33:32]} 9. O-O {[%clk 1:33:38]} O-O {[%clk
1:31:36]} 10. Nc3 {[%clk 1:33:59]} Bf5 {[%clk 1:29:39]} 11. Be3 {[%clk 1:32:23]}
h6 {[%clk 1:29:31]} 12. Rc1 {[%clk 1:26:00]} Kh8 {[%clk 1:29:03]} 13. Na4 {[%clk
1:22:53]} f6 {[%clk 1:29:15]} 14. exf6 {[%clk 0:58:30]} Qxf6 {[%clk 1:29:40]} 15.
a3 {[%clk 0:58:23]} Bg4 {[%clk 1:23:11]} 16. b4 {[%clk 0:48:53]} Bxf3 {[%clk
1:06:29]} 17. Bxf3 {[%clk 0:48:26]} Nxd4 {[%clk 1:06:48]} 18. Bxe4 {[%clk
0:45:26]} dxe4 {[%clk 1:03:12]} 19. Nxb6 {[%clk 0:45:46]} Rad8 {[%clk 1:03:37]}
20. Bxd4 {[%clk 0:24:58]} Rxd4 {[%clk 1:04:01]} 21. Nd7 {[%clk 0:25:20]} Rxd1
{[%clk 1:04:04]} 22. Nxf6 {[%clk 0:25:46]} Rxc1 {[%clk 1:04:06]} 23. Rxc1 {[%clk
0:26:09]} Rxf6 {[%clk 1:04:32]} 24. Rxc7 {[%clk 0:26:34]} Ra6 {[%clk 1:03:34]}
25. Rxb7 {[%clk 0:22:41]} Rxa3 {[%clk 1:03:24]} 26. Kf1 {[%clk 0:23:01]} a5
{[%clk 1:00:50]} 27. bxa5 {[%clk 0:23:19]} Rxa5 {[%clk 1:01:16]} 28. Re7 {[%clk
0:23:38]} Ra1+ {[%clk 1:01:20]} 29. Ke2 {[%clk 0:24:03]} Rh1 {[%clk 1:01:42]}
1/2-1/2

[Event "Irena Warakomska Memorial A"]
[Site "chessmanager.com"]
[Date "2018.08.05"]
[Round "6"]
[White "Bernadskiy, Vitaliy"]
[Black "Socko, Bartosz"]
[Result "1/2-1/2"]
[Board "2"]
[WhiteElo "2586"]
[WhiteTitle "GM"]
[WhiteCountry "UKR"]
[WhiteFideId "14100371"]
[BlackElo "2592"]
[BlackTitle "GM"]
[BlackCountry "POL"]
[BlackFideId "1107038"]

1. d4 {[%clk 1:28:21]} Nf6 {[%clk 1:30:54]} 2. c4 {[%clk 1:28:48]} e6 {[%clk
1:31:19]} 3. Nf3 {[%clk 1:29:15]} b6 {[%clk 1:31:41]} 4. g3 {[%clk 1:29:33]} Bb7
{[%clk 1:32:07]} 5. Bg2 {[%clk 1:29:57]} c5 {[%clk 1:32:32]} 6. O-O {[%clk
1:23:29]} cxd4 {[%clk 1:32:35]} 7. Qxd4 {[%clk 1:23:56]} Nc6 {[%clk 1:32:53]} 8.
Qf4 {[%clk 1:23:06]} Ne7 {[%clk 1:33:08]} 9. b3 {[%clk 1:18:21]} Ng6 {[%clk
1:33:28]} 10. Qd2 {[%clk 1:16:33]} d5 {[%clk 1:28:40]} 11. Ba3 {[%clk 1:15:12]}
dxc4 {[%clk 1:20:58]} 12. Bxf8 {[%clk 1:11:19]} Nxf8 {[%clk 1:18:10]} 13. Rc1
{[%clk 0:51:32]} cxb3 {[%clk 1:04:44]} 14. Qxd8+ {[%clk 0:50:18]} Rxd8 {[%clk
0:59:16]} 15. axb3 {[%clk 0:50:44]} a5 {[%clk 0:59:32]} 16. Ne5 {[%clk 0:48:52]}
Bxg2 {[%clk 0:57:01]} 17. Kxg2 {[%clk 0:49:19]} Ng6 {[%clk 0:50:27]} 18. Nc6
{[%clk 0:38:04]} Rc8 {[%clk 0:46:36]} 19. Na3 {[%clk 0:38:28]} Kd7 {[%clk
0:43:12]} 20. Na7 {[%clk 0:38:24]} Rxc1 {[%clk 0:43:00]} 21. Rxc1 {[%clk
0:38:51]} Ra8 {[%clk 0:31:33]} 22. N3b5 {[%clk 0:36:35]} Ne8 {[%clk 0:30:40]} 23.
h4 {[%clk 0:32:00]} h5 {[%clk 0:28:28]} 24. f4 {[%clk 0:25:14]} f5 {[%clk
0:24:04]} 25. Rd1+ {[%clk 0:19:50]} Ke7 {[%clk 0:22:28]} 26. Rc1 {[%clk 0:13:42]}
Kf7 {[%clk 0:17:57]} 27. Rc8 {[%clk 0:10:23]} Rxc8 {[%clk 0:18:02]} 28. Nxc8
{[%clk 0:10:51]} e5 {[%clk 0:16:40]} 29. e3 {[%clk 0:09:22]} exf4 {[%clk
0:12:28]} 30. exf4 {[%clk 0:09:14]} 1/2-1/2

[Event "Irena Warakomska Memorial A"]
[Site "chessmanager.com"]
[Date "2018.08.05"]
[Round "6"]
[White "Stupak, Kirill"]
[Black "Caspi, Israel"]
[Result "1/2-1/2"]
[Board "3"]
[WhiteElo "2575"]
[WhiteTitle "GM"]
[WhiteCountry "BLR"]
[WhiteFideId "13503758"]
[WhiteEloChange "-1"]
[BlackElo "2484"]
[BlackTitle "IM"]
[BlackCountry "ISR"]
[BlackFideId "2807394"]
[BlackEloChange "1"]

1. d4 {[%clk 1:28:03]} f5 {[%clk 1:30:55]} 2. g3 {[%clk 1:28:30]} Nf6 {[%clk
1:31:13]} 3. Bg2 {[%clk 1:28:57]} g6 {[%clk 1:31:36]} 4. Nh3 {[%clk 1:29:23]} Bg7
{[%clk 1:31:46]} 5. Nf4 {[%clk 1:29:45]} Nc6 {[%clk 1:32:11]} 6. d5 {[%clk
1:30:12]} Ne5 {[%clk 1:32:35]} 7. Nc3 {[%clk 1:30:41]} c6 {[%clk 1:32:44]} 8. h4
{[%clk 1:31:08]} e6 {[%clk 1:31:51]} 9. dxe6 {[%clk 1:29:13]} dxe6 {[%clk
1:32:15]} 10. Qxd8+ {[%clk 1:24:26]} Kxd8 {[%clk 1:32:42]} 11. h5 {[%clk
1:24:55]} Kc7 {[%clk 1:33:03]} 12. hxg6 {[%clk 1:12:13]} hxg6 {[%clk 1:32:57]}
13. Rxh8 {[%clk 1:11:57]} Bxh8 {[%clk 1:33:25]} 14. e4 {[%clk 1:12:25]} Bd7
{[%clk 1:28:20]} 15. Nh3 {[%clk 1:05:13]} Nf7 {[%clk 1:20:58]} 16. Nf4 {[%clk
0:59:35]} Ne5 {[%clk 1:16:33]} 17. Bd2 {[%clk 0:57:29]} Bg7 {[%clk 0:59:11]} 18.
Rd1 {[%clk 0:57:26]} Nfg4 {[%clk 0:45:20]} 19. b3 {[%clk 0:50:39]} Rg8 {[%clk
0:39:50]} 20. Na4 {[%clk 0:41:04]} b6 {[%clk 0:39:18]} 21. Bc3 {[%clk 0:36:35]}
Nf7 {[%clk 0:34:00]} 22. Bxg7 {[%clk 0:34:41]} Rxg7 {[%clk 0:34:20]} 23. Ke2
{[%clk 0:34:51]} e5 {[%clk 0:32:46]} 24. Nd3 {[%clk 0:34:38]} Nf6 {[%clk
0:29:28]} 25. exf5 {[%clk 0:31:52]} gxf5 {[%clk 0:29:35]} 26. Kf1 {[%clk
0:29:54]} Rg8 {[%clk 0:19:19]} 27. Nab2 {[%clk 0:29:15]} Re8 {[%clk 0:17:27]} 28.
Nc4 {[%clk 0:28:45]} Nd5 {[%clk 0:15:32]} 29. Bxd5 {[%clk 0:26:22]} cxd5 {[%clk
0:15:55]} 30. Ne3 {[%clk 0:26:49]} d4 {[%clk 0:12:35]} 31. Nd5+ {[%clk 0:25:20]}
Kd6 {[%clk 0:12:18]} 32. Nf6 {[%clk 0:25:47]} Rc8 {[%clk 0:08:47]} 33. Nxd7
{[%clk 0:23:42]} Kxd7 {[%clk 0:09:08]} 34. Ne1 {[%clk 0:24:10]} Rc3 {[%clk
0:03:22]} 1/2-1/2

[Event "Irena Warakomska Memorial A"]
[Site "chessmanager.com"]
[Date "2018.08.05"]
[Round "6"]
[White "Nasuta, Grzegorz"]
[Black "Markowski, Tomasz"]
[Result "1-0"]
[Board "4"]
[WhiteElo "2491"]
[WhiteTitle "IM"]
[WhiteCountry "POL"]
[WhiteFideId "1141686"]
[WhiteEloChange "6"]
[BlackElo "2561"]
[BlackTitle "GM"]
[BlackCountry "POL"]
[BlackFideId "1105680"]
[BlackEloChange "-6"]

1. e4 {[%clk 1:30:57]} c5 {[%clk 1:30:55]} 2. Nf3 {[%clk 1:31:20]} e6 {[%clk
1:31:21]} 3. d4 {[%clk 1:31:43]} cxd4 {[%clk 1:31:47]} 4. Nxd4 {[%clk 1:32:06]}
a6 {[%clk 1:32:13]} 5. c4 {[%clk 1:32:28]} Nf6 {[%clk 1:32:38]} 6. Nc3 {[%clk
1:32:52]} Qc7 {[%clk 1:32:40]} 7. a3 {[%clk 1:31:06]} b6 {[%clk 1:32:27]} 8. Be3
{[%clk 1:27:11]} Bb7 {[%clk 1:32:36]} 9. f3 {[%clk 1:27:22]} Be7 {[%clk 1:32:45]}
10. Rc1 {[%clk 1:20:38]} O-O {[%clk 1:31:55]} 11. Be2 {[%clk 1:20:32]} d6 {[%clk
1:32:18]} 12. O-O {[%clk 1:20:17]} Nbd7 {[%clk 1:32:44]} 13. b4 {[%clk 1:18:41]}
Rac8 {[%clk 1:32:39]} 14. Qd2 {[%clk 1:18:43]} Qb8 {[%clk 1:33:01]} 15. Rc2
{[%clk 1:16:01]} Rfe8 {[%clk 1:33:05]} 16. Kh1 {[%clk 1:13:40]} Ne5 {[%clk
1:26:29]} 17. Na4 {[%clk 1:11:48]} Nfd7 {[%clk 1:26:48]} 18. Rb1 {[%clk 1:03:32]}
Bf8 {[%clk 1:18:41]} 19. Qc1 {[%clk 0:55:44]} Ba8 {[%clk 1:11:56]} 20. c5 {[%clk
0:47:50]} b5 {[%clk 1:02:47]} 21. c6 {[%clk 0:46:59]} Nf6 {[%clk 0:59:34]} 22. c7
{[%clk 0:44:58]} Qb7 {[%clk 0:59:47]} 23. Nb3 {[%clk 0:45:12]} Re7 {[%clk
0:57:09]} 24. Na5 {[%clk 0:26:17]} Rexc7 {[%clk 0:57:24]} 25. Nxb7 {[%clk
0:10:47]} Rxc2 {[%clk 0:57:42]} 26. Qd1 {[%clk 0:08:19]} Bxb7 {[%clk 0:56:04]}
27. Nb6 {[%clk 0:08:03]} R8c7 {[%clk 0:55:39]} 28. a4 {[%clk 0:02:27]} bxa4
{[%clk 0:51:10]} 29. Nxa4 {[%clk 0:02:55]} Ra2 {[%clk 0:50:34]} 30. Bd4 {[%clk
0:02:38]} Nxe4 {[%clk 0:18:33]} 31. fxe4 {[%clk 0:02:53]} Bxe4 {[%clk 0:19:02]}
32. Ra1 {[%clk 0:02:35]} Rxa1 {[%clk 0:12:30]} 33. Bxa1 {[%clk 0:03:03]} Nd3
{[%clk 0:11:17]} 34. Bxd3 {[%clk 0:02:26]} Bxd3 {[%clk 0:11:45]} 35. Nc3 {[%clk
0:01:45]} Bc4 {[%clk 0:11:43]} 36. Ne4 {[%clk 0:01:08]} Bd5 {[%clk 0:11:39]} 37.
Nd2 {[%clk 0:00:49]} e5 {[%clk 0:10:26]} 38. h3 {[%clk 0:00:51]} f6 {[%clk
0:06:21]} 39. Nf1 {[%clk 0:00:59]} Be6 {[%clk 0:05:47]} 40. Bb2 {[%clk 0:30:41]}
Kf7 {[%clk 0:31:11]} 41. Ne3 {[%clk 0:16:18]} Rb7 {[%clk 0:21:41]} 42. Qh5+
{[%clk 0:08:45]} g6 {[%clk 0:17:10]} 43. Qxh7+ {[%clk 0:07:12]} Bg7 {[%clk
0:17:37]} 44. Bc1 {[%clk 0:04:42]} Rxb4 {[%clk 0:16:49]} 45. Nf5 {[%clk 0:04:32]}
Bxf5 {[%clk 0:17:02]} 46. Bh6 {[%clk 0:05:01]} Rb8 {[%clk 0:14:11]} 47. Qxg7+
{[%clk 0:05:12]} Ke6 {[%clk 0:14:39]} 48. Qc7 {[%clk 0:05:04]} Re8 {[%clk
0:13:51]} 49. Bd2 {[%clk 0:03:42]} Re7 {[%clk 0:09:50]} 50. Qc4+ {[%clk 0:04:08]}
Kd7 {[%clk 0:09:52]} 51. Bb4 {[%clk 0:03:56]} Re6 {[%clk 0:09:33]} 52. Qxa6
{[%clk 0:02:57]} g5 {[%clk 0:06:42]} 53. Qb7+ {[%clk 0:03:12]} Ke8 {[%clk
0:07:08]} 54. Qc7 {[%clk 0:02:25]} g4 {[%clk 0:06:18]} 55. h4 {[%clk 0:01:19]}
1-0

[Event "Irena Warakomska Memorial A"]
[Site "chessmanager.com"]
[Date "2018.08.05"]
[Round "6"]
[White "Ulybin, Mikhail"]
[Black "Fedorov, Alexei"]
[Result "0-1"]
[Board "5"]
[WhiteElo "2512"]
[WhiteTitle "GM"]
[WhiteCountry "RUS"]
[WhiteFideId "4101405"]
[WhiteEloChange "-4"]
[BlackElo "2572"]
[BlackTitle "GM"]
[BlackCountry "BLR"]
[BlackFideId "13500465"]
[BlackEloChange "4"]

1. e4 {[%clk 1:19:55]} c5 {[%clk 1:30:49]} 2. Nf3 {[%clk 1:19:33]} d6 {[%clk
1:27:03]} 3. Bb5+ {[%clk 1:16:56]} Nd7 {[%clk 1:27:24]} 4. O-O {[%clk 1:13:41]}
Nf6 {[%clk 1:26:49]} 5. Re1 {[%clk 1:13:02]} a6 {[%clk 1:26:21]} 6. Bf1 {[%clk
1:11:44]} b6 {[%clk 1:26:16]} 7. c4 {[%clk 1:08:04]} Bb7 {[%clk 1:24:14]} 8. Nc3
{[%clk 1:07:52]} e6 {[%clk 1:24:38]} 9. d4 {[%clk 1:06:11]} cxd4 {[%clk 1:24:57]}
10. Nxd4 {[%clk 1:06:16]} Be7 {[%clk 1:25:20]} 11. f4 {[%clk 0:46:36]} O-O {[%clk
1:08:02]} 12. e5 {[%clk 0:26:46]} Ne8 {[%clk 1:07:49]} 13. Nf3 {[%clk 0:16:03]}
Qc7 {[%clk 1:02:33]} 14. Be3 {[%clk 0:05:29]} Rd8 {[%clk 0:58:28]} 15. Qe2 {[%clk
0:02:40]} Bxf3 {[%clk 0:56:28]} 16. Qxf3 {[%clk 0:02:16]} dxe5 {[%clk 0:56:26]}
17. f5 {[%clk 0:02:20]} Nef6 {[%clk 0:48:16]} 18. fxe6 {[%clk 0:02:08]} fxe6
{[%clk 0:48:21]} 19. Rad1 {[%clk 0:00:39]} Bc5 {[%clk 0:47:29]} 20. h3 {[%clk
0:00:36]} e4 {[%clk 0:43:26]} 21. Qe2 {[%clk 0:00:37]} Qg3 {[%clk 0:37:46]} 22.
Bxc5 {[%clk 0:00:41]} Nxc5 {[%clk 0:37:49]} 23. Qe3 {[%clk 0:00:39]} Qxe3+ {[%clk
0:37:20]} 24. Rxe3 {[%clk 0:01:06]} Rxd1 {[%clk 0:37:10]} 25. Nxd1 {[%clk
0:01:33]} Rd8 {[%clk 0:37:28]} 26. Nc3 {[%clk 0:01:17]} a5 {[%clk 0:37:35]} 27.
g4 {[%clk 0:00:39]} h6 {[%clk 0:36:35]} 28. Kf2 {[%clk 0:00:34]} Rd2+ {[%clk
0:34:54]} 29. Re2 {[%clk 0:00:59]} Nd3+ {[%clk 0:30:21]} 30. Ke3 {[%clk 0:01:12]}
Rxb2 {[%clk 0:30:45]} 31. Rxb2 {[%clk 0:01:20]} Nxb2 {[%clk 0:31:11]} 32. Kd4
{[%clk 0:01:00]} Kf7 {[%clk 0:20:45]} 33. c5 {[%clk 0:00:54]} bxc5+ {[%clk
0:19:45]} 34. Kxc5 {[%clk 0:01:19]} Nd3+ {[%clk 0:19:08]} 35. Kb5 {[%clk
0:01:08]} Nf4 {[%clk 0:15:17]} 36. Kxa5 {[%clk 0:00:47]} e3 {[%clk 0:15:32]} 37.
a4 {[%clk 0:00:38]} N6d5 {[%clk 0:13:43]} 38. Ne4 {[%clk 0:00:41]} e2 {[%clk
0:13:52]} 39. Bxe2 {[%clk 0:01:05]} Nxe2 {[%clk 0:14:17]} 40. Ka6 {[%clk
0:31:00]} Nec3 {[%clk 0:43:06]} 41. Nxc3 {[%clk 0:26:16]} Nxc3 {[%clk 0:43:32]}
42. a5 {[%clk 0:26:34]} Ke7 {[%clk 0:43:39]} 0-1

[Event "Irena Warakomska Memorial A"]
[Site "chessmanager.com"]
[Date "2018.08.05"]
[Round "6"]
[White "Matviishen, Viktor"]
[Black "Czarnota, Pawel"]
[Result "1-0"]
[Board "6"]
[WhiteElo "2423"]
[WhiteTitle "IM"]
[WhiteCountry "UKR"]
[WhiteFideId "14129850"]
[WhiteEloChange "7"]
[BlackElo "2549"]
[BlackTitle "GM"]
[BlackCountry "POL"]
[BlackFideId "1121219"]
[BlackEloChange "-7"]

1. d4 {[%clk 1:30:56]} Nf6 {[%clk 1:30:47]} 2. c4 {[%clk 1:31:20]} g6 {[%clk
1:31:07]} 3. Nc3 {[%clk 1:31:44]} Bg7 {[%clk 1:31:24]} 4. e4 {[%clk 1:32:10]} d6
{[%clk 1:31:47]} 5. Nf3 {[%clk 1:32:31]} O-O {[%clk 1:32:09]} 6. Be2 {[%clk
1:32:58]} Nbd7 {[%clk 1:31:48]} 7. O-O {[%clk 1:33:12]} e5 {[%clk 1:32:07]} 8.
Be3 {[%clk 1:33:35]} Qe7 {[%clk 1:30:36]} 9. d5 {[%clk 1:33:17]} Ng4 {[%clk
1:22:28]} 10. Bg5 {[%clk 1:33:41]} f6 {[%clk 1:22:40]} 11. Bh4 {[%clk 1:34:08]}
Nh6 {[%clk 1:17:15]} 12. Nd2 {[%clk 1:34:04]} Nf7 {[%clk 1:16:54]} 13. a3 {[%clk
1:30:49]} h5 {[%clk 1:10:04]} 14. h3 {[%clk 1:29:42]} Bh6 {[%clk 1:07:03]} 15.
Bg3 {[%clk 1:26:33]} Nc5 {[%clk 1:05:47]} 16. Nb3 {[%clk 1:22:47]} a5 {[%clk
1:01:59]} 17. Nxc5 {[%clk 1:22:12]} dxc5 {[%clk 1:02:24]} 18. Bd3 {[%clk
1:18:25]} Bd7 {[%clk 1:02:03]} 19. Bc2 {[%clk 1:15:00]} Nd6 {[%clk 1:01:55]} 20.
Qe2 {[%clk 1:12:28]} a4 {[%clk 1:00:11]} 21. Bd3 {[%clk 1:11:09]} Kg7 {[%clk
0:59:40]} 22. Rae1 {[%clk 1:10:40]} b6 {[%clk 0:59:30]} 23. Bc2 {[%clk 1:08:20]}
Bg5 {[%clk 0:55:43]} 24. Qd3 {[%clk 1:04:45]} Be8 {[%clk 0:54:38]} 25. Bh2 {[%clk
1:01:09]} Bh6 {[%clk 0:50:45]} 26. Kh1 {[%clk 0:59:29]} Ra5 {[%clk 0:44:20]} 27.
f3 {[%clk 0:56:05]} Rh8 {[%clk 0:40:00]} 28. f4 {[%clk 0:43:41]} Bxf4 {[%clk
0:35:36]} 29. Rxf4 {[%clk 0:43:55]} exf4 {[%clk 0:36:00]} 30. e5 {[%clk 0:44:13]}
fxe5 {[%clk 0:33:00]} 31. Bxf4 {[%clk 0:44:41]} Rf8 {[%clk 0:31:09]} 32. Bxe5+
{[%clk 0:41:17]} Kh7 {[%clk 0:30:41]} 33. Bg3 {[%clk 0:35:02]} Qf6 {[%clk
0:28:59]} 34. Re6 {[%clk 0:34:51]} Qf1+ {[%clk 0:28:17]} 35. Qxf1 {[%clk
0:35:13]} Rxf1+ {[%clk 0:28:43]} 36. Kh2 {[%clk 0:35:40]} Ra8 {[%clk 0:25:35]}
37. Bd3 {[%clk 0:35:50]} Rf8 {[%clk 0:25:00]} 38. Bxd6 {[%clk 0:34:31]} cxd6
{[%clk 0:25:24]} 39. Ne4 {[%clk 0:33:01]} Rb8 {[%clk 0:00:34]} 40. Nxd6 {[%clk
1:03:26]} Kg7 {[%clk 0:30:34]} 41. h4 {[%clk 1:02:56]} Bf7 {[%clk 0:27:50]} 42.
Nxf7 {[%clk 1:03:01]} Rxf7 {[%clk 0:28:15]} 43. Rxg6+ {[%clk 1:03:27]} Kf8 {[%clk
0:28:42]} 44. Rh6 {[%clk 1:03:47]} Ke7 {[%clk 0:29:07]} 45. Rxh5 {[%clk 0:53:03]}
Rf2 {[%clk 0:23:38]} 46. Re5+ {[%clk 0:53:26]} Kf7 {[%clk 0:22:37]} 47. Be2
{[%clk 0:45:25]} Rg8 {[%clk 0:21:44]} 48. Bh5+ {[%clk 0:44:36]} Kf6 {[%clk
0:22:09]} 49. Re6+ {[%clk 0:44:38]} Kf5 {[%clk 0:22:35]} 50. Bf3 {[%clk 0:45:05]}
Rxb2 {[%clk 0:21:58]} 51. h5 {[%clk 0:45:31]} Rb3 {[%clk 0:21:13]} 52. Be4+
{[%clk 0:25:01]} Kf4 {[%clk 0:21:25]} 53. h6 {[%clk 0:06:51]} Rxa3 {[%clk
0:21:32]} 54. h7 {[%clk 0:07:18]} Rh8 {[%clk 0:20:34]} 55. Bg6 {[%clk 0:07:19]}
Re3 {[%clk 0:19:19]} 56. Rxb6 {[%clk 0:07:33]} a3 {[%clk 0:18:20]} 57. Ra6 {[%clk
0:07:45]} Rc3 {[%clk 0:14:22]} 58. d6 {[%clk 0:04:51]} Rxc4 {[%clk 0:13:35]} 59.
Rxa3 {[%clk 0:04:13]} Rd4 {[%clk 0:14:02]} 60. Rd3 {[%clk 0:02:11]} Ke5 {[%clk
0:04:29]} 61. d7 {[%clk 0:01:55]} Kf6 {[%clk 0:01:14]} 62. Rxd4 {[%clk 0:02:01]}
cxd4 {[%clk 0:01:43]} 63. Bd3 {[%clk 0:02:09]} Rd8 {[%clk 0:00:42]} 64. Kg3
{[%clk 0:02:25]} Kg7 {[%clk 0:00:35]} 65. Bf5 {[%clk 0:02:49]} d3 {[%clk
0:00:31]} 66. Kf3 {[%clk 0:03:12]} d2 {[%clk 0:00:52]} 67. Ke2 {[%clk 0:03:41]}
Kf6 {[%clk 0:01:16]} 68. g4 {[%clk 0:04:03]} Kg7 {[%clk 0:00:38]} 69. Kxd2 {[%clk
0:04:27]} 1-0

[Event "Irena Warakomska Memorial A"]
[Site "chessmanager.com"]
[Date "2018.08.05"]
[Round "6"]
[White "Lewtak, Damian"]
[Black "Vetoshko, Volodymyr"]
[Result "1/2-1/2"]
[Board "7"]
[WhiteElo "2358"]
[WhiteCountry "POL"]
[WhiteFideId "1141724"]
[WhiteEloChange "4"]
[BlackElo "2521"]
[BlackTitle "GM"]
[BlackCountry "UKR"]
[BlackFideId "14122480"]
[BlackEloChange "-2"]

1. d4 {[%clk 1:30:57]} Nf6 {[%clk 1:30:53]} 2. Bf4 {[%clk 1:31:22]} d5 {[%clk
1:30:52]} 3. e3 {[%clk 1:31:33]} c5 {[%clk 1:31:16]} 4. c3 {[%clk 1:31:56]} Nc6
{[%clk 1:31:41]} 5. Nd2 {[%clk 1:32:09]} cxd4 {[%clk 1:31:51]} 6. exd4 {[%clk
1:31:17]} Bf5 {[%clk 1:32:16]} 7. Ngf3 {[%clk 1:29:11]} e6 {[%clk 1:32:05]} 8.
Bb5 {[%clk 1:22:59]} a6 {[%clk 1:14:45]} 9. Bxc6+ {[%clk 1:21:11]} bxc6 {[%clk
1:15:12]} 10. Ne5 {[%clk 1:21:36]} Nd7 {[%clk 1:11:43]} 11. Nxd7 {[%clk 1:07:36]}
Qxd7 {[%clk 1:11:57]} 12. Nf3 {[%clk 1:08:03]} Qb7 {[%clk 1:05:25]} 13. Nh4
{[%clk 0:59:12]} Be4 {[%clk 0:56:54]} 14. f3 {[%clk 0:59:02]} Be7 {[%clk
0:52:10]} 15. fxe4 {[%clk 0:58:40]} Bxh4+ {[%clk 0:51:39]} 16. g3 {[%clk
0:58:19]} Be7 {[%clk 0:42:40]} 17. exd5 {[%clk 0:51:28]} cxd5 {[%clk 0:39:26]}
18. Qg4 {[%clk 0:42:35]} Qxb2 {[%clk 0:36:06]} 19. O-O {[%clk 0:42:59]} Bf6
{[%clk 0:36:06]} 20. Rac1 {[%clk 0:37:53]} Rc8 {[%clk 0:29:57]} 21. Bd6 {[%clk
0:36:25]} Qd2 {[%clk 0:22:49]} 22. Qf3 {[%clk 0:33:28]} h5 {[%clk 0:18:14]} 23.
Be5 {[%clk 0:33:40]} h4 {[%clk 0:16:13]} 24. g4 {[%clk 0:23:09]} h3 {[%clk
0:16:34]} 25. Bf4 {[%clk 0:23:12]} Qxa2 {[%clk 0:16:16]} 26. Rf2 {[%clk 0:22:44]}
Qa3 {[%clk 0:16:19]} 27. Bd2 {[%clk 0:19:08]} Qe7 {[%clk 0:12:12]} 28. Kh1 {[%clk
0:18:52]} O-O {[%clk 0:08:50]} 29. Qe3 {[%clk 0:19:05]} e5 {[%clk 0:06:20]} 30.
Re2 {[%clk 0:19:25]} Qb7 {[%clk 0:04:48]} 31. g5 {[%clk 0:15:02]} exd4 {[%clk
0:05:11]} 32. cxd4 {[%clk 0:15:16]} Rxc1+ {[%clk 0:05:07]} 33. Bxc1 {[%clk
0:15:44]} Bd8 {[%clk 0:02:46]} 34. Ba3 {[%clk 0:12:12]} Qb1+ {[%clk 0:03:12]} 35.
Re1 {[%clk 0:12:38]} Bxg5 {[%clk 0:02:24]} 36. Rxb1 {[%clk 0:09:21]} Bxe3 {[%clk
0:02:51]} 37. Bxf8 {[%clk 0:09:45]} Kxf8 {[%clk 0:03:20]} 38. Rb8+ {[%clk
0:10:01]} Ke7 {[%clk 0:03:43]} 39. Re8+ {[%clk 0:10:26]} Kxe8 {[%clk 0:03:57]}
1/2-1/2

[Event "Irena Warakomska Memorial A"]
[Site "chessmanager.com"]
[Date "2018.08.05"]
[Round "6"]
[White "Kosakowski, Jakub"]
[Black "Shtembuliak, Evgeny"]
[Result "1-0"]
[Board "8"]
[WhiteElo "2324"]
[WhiteTitle "FM"]
[WhiteCountry "POL"]
[WhiteFideId "1185080"]
[WhiteEloChange "15"]
[BlackElo "2517"]
[BlackTitle "IM"]
[BlackCountry "UKR"]
[BlackFideId "14113325"]
[BlackEloChange "-8"]

1. e4 {[%clk 1:30:56]} g6 {[%clk 1:30:55]} 2. d4 {[%clk 1:30:52]} Bg7 {[%clk
1:31:19]} 3. Nc3 {[%clk 1:30:33]} a6 {[%clk 1:31:36]} 4. f4 {[%clk 1:24:12]} d6
{[%clk 1:27:19]} 5. Nf3 {[%clk 1:21:08]} Nd7 {[%clk 1:27:38]} 6. Bd3 {[%clk
1:17:50]} c5 {[%clk 1:27:51]} 7. Be3 {[%clk 1:13:44]} cxd4 {[%clk 1:17:29]} 8.
Nxd4 {[%clk 1:05:31]} Ngf6 {[%clk 1:17:27]} 9. Qf3 {[%clk 0:53:55]} O-O {[%clk
1:13:19]} 10. Nb3 {[%clk 0:53:02]} Qc7 {[%clk 0:59:19]} 11. g4 {[%clk 0:49:39]}
e6 {[%clk 0:59:04]} 12. O-O-O {[%clk 0:39:26]} b5 {[%clk 0:57:51]} 13. g5 {[%clk
0:35:31]} Nh5 {[%clk 0:57:58]} 14. f5 {[%clk 0:34:24]} b4 {[%clk 0:48:14]} 15. f6
{[%clk 0:30:11]} bxc3 {[%clk 0:47:00]} 16. fxg7 {[%clk 0:30:35]} cxb2+ {[%clk
0:47:19]} 17. Kb1 {[%clk 0:31:00]} Kxg7 {[%clk 0:44:08]} 18. Bd4+ {[%clk
0:29:36]} e5 {[%clk 0:44:18]} 19. Bxb2 {[%clk 0:29:25]} a5 {[%clk 0:38:16]} 20.
a4 {[%clk 0:29:13]} Nb6 {[%clk 0:36:24]} 21. Bb5 {[%clk 0:13:53]} Ba6 {[%clk
0:35:02]} 22. Qc3 {[%clk 0:13:26]} Qxc3 {[%clk 0:35:16]} 23. Bxc3 {[%clk
0:13:49]} Bxb5 {[%clk 0:35:34]} 24. axb5 {[%clk 0:14:13]} Nc4 {[%clk 0:35:59]}
25. Rxd6 {[%clk 0:14:35]} Nxd6 {[%clk 0:30:03]} 26. Bxe5+ {[%clk 0:14:58]} f6
{[%clk 0:30:28]} 27. Bxd6 {[%clk 0:15:14]} Rf7 {[%clk 0:30:54]} 28. Nc5 {[%clk
0:15:15]} Rc8 {[%clk 0:25:32]} 29. b6 {[%clk 0:09:45]} Rc6 {[%clk 0:25:09]} 30.
b7 {[%clk 0:10:06]} Rb6+ {[%clk 0:25:31]} 31. Ka2 {[%clk 0:10:28]} Rfxb7 {[%clk
0:25:28]} 32. Nxb7 {[%clk 0:10:52]} Rxb7 {[%clk 0:25:55]} 33. c4 {[%clk 0:09:58]}
Kf7 {[%clk 0:23:22]} 34. c5 {[%clk 0:07:20]} Ke6 {[%clk 0:19:51]} 35. c6 {[%clk
0:05:34]} Rg7 {[%clk 0:20:20]} 36. Rd1 {[%clk 0:04:13]} Rg8 {[%clk 0:20:27]} 37.
h4 {[%clk 0:03:08]} Rc8 {[%clk 0:18:38]} 38. c7 {[%clk 0:02:56]} f5 {[%clk
0:18:27]} 39. exf5+ {[%clk 0:02:24]} gxf5 {[%clk 0:18:55]} 40. Kb3 {[%clk
0:32:34]} Ng7 {[%clk 0:35:15]} 41. Bf4 {[%clk 0:29:52]} Ke7 {[%clk 0:34:29]} 42.
g6 {[%clk 0:29:08]} hxg6 {[%clk 0:33:14]} 43. Rd8 {[%clk 0:29:32]} Rxc7 {[%clk
0:33:37]} 44. Bxc7 {[%clk 0:29:58]} Ne6 {[%clk 0:34:03]} 45. Rg8 {[%clk 0:30:23]}
Nxc7 {[%clk 0:34:27]} 46. Rg7+ {[%clk 0:30:45]} Kd6 {[%clk 0:11:19]} 47. Rxg6+
{[%clk 0:31:07]} Ne6 {[%clk 0:11:39]} 48. h5 {[%clk 0:28:15]} Ke7 {[%clk
0:12:07]} 49. h6 {[%clk 0:28:20]} Nf8 {[%clk 0:11:41]} 50. Ra6 {[%clk 0:28:09]}
Kf7 {[%clk 0:11:55]} 51. Kc4 {[%clk 0:28:22]} a4 {[%clk 0:09:47]} 52. Kd4 {[%clk
0:28:36]} Ng6 {[%clk 0:09:34]} 53. Rxa4 {[%clk 0:26:25]} Kg8 {[%clk 0:09:33]} 54.
Ra7 {[%clk 0:26:46]} Kh8 {[%clk 0:09:57]} 55. Rg7 {[%clk 0:26:47]} Nf8 {[%clk
0:09:35]} 56. Ke5 {[%clk 0:26:36]} f4 {[%clk 0:09:59]} 57. Rf7 {[%clk 0:26:34]}
Kg8 {[%clk 0:10:22]} 58. Kf6 {[%clk 0:26:58]} Nh7+ {[%clk 0:09:31]} 59. Kg6
{[%clk 0:27:23]} Ng5 {[%clk 0:09:53]} 60. h7+ {[%clk 0:27:42]} 1-0